[Event "Magnus Carlsen Invitational 2020"]
[Site "magnuscarlsen.com"]
[Date "2020.04.22"]
[Round "3.3"]
[White "Caruana, Fabiano"]
[Black "Carlsen, Magnus"]
[Result "1/2-1/2"]
[WhiteElo "2773"]
[BlackElo "2881"]
[Annotator "TA"]
[PlyCount "128"]
[EventDate "2020.04.18"]
[EventType "tourn"]
[EventCountry "NOR"]
[SourceTitle "playchess.com"]
[Source "ChessBase"]
[SourceQuality "1"]

{[%evp 15,128,32,36,31,26,13,24,9,27,6,0,0,4,0,0,0,62,41,45,0,0,-25,-10,-95,-102,-119,-126,-125,-133,-62,-105,-70,-91,-34,-10,-12,0,-14,0,0,0,0,0,0,0,0,0,0,0,0,0,0,25,15,21,23,30,14,33,7,70,70,77,77,77,77,77,66,77,77,77,73,77,71,189,47,71,64,64,47,59,0,0,0,16,20,47,0,23,23,25,0,0,0,0,0,0,0,0,0,0,0,0,0,0,0,0,0,0,0,0,0,0,0,0]} 1. e4 e5 2. Nf3 Nc6 3. Bb5 a6 4. Ba4 Nf6 5. O-O b5 6. Bb3 Bc5 7. a4 (7. c3 d6 8. a4 Rb8 9. d4 Bb6 10. a5 Ba7 11. h3 O-O 12. Be3 Ra8 13. Re1 h6 14. Nbd2 Re8 15. g4 Qe7 16. Nf1 Nd8 17. Ng3 c5 18. Qd2 c4 19. Bc2 Nh7 20. b4 cxb3 21. Bxb3 Be6 22. Bc2 Rc8 {0-1 (35) Caruana,F (2799)-Carlsen,M (2827) Douglas 2017}) 7... Rb8 8. axb5 axb5 {[#]} 9. Nxe5 $1 {[%mdl 576] Remove Defender. C78: Ruy Lopez: Archangelsk and Möller Defences.} Nxe5 10. d4 {[#]} Bxd4 $1 {[%mdl 512]} 11. Qxd4 {White has an edge.} d6 12. f4 Nc6 13. Qc3 Ne7 14. Ra7 c5 15. e5 Ne4 (15... Nfd5 $11 16. Bxd5 Nxd5) 16. Qf3 {[#]} d5 $146 ({Predecessor:} 16... c4 17. Qxe4 d5 18. Qf3 cxb3 19. Qxb3 O-O 20. Kh1 Bf5 21. Nc3 Nc6 22. Ra6 Qc8 23. Ra1 Nd4 24. Qxd5 Rd8 25. Qa2 Nxc2 26. Rb1 Ra8 27. Qb3 Nd4 {0-1 (27) Diaz Garcia,M (2332)-Perez Leiva,J (2382) Pinar del Rio 2019}) 17. c3 (17. Bxd5 $14 Qxd5 18. Rd1) 17... c4 $11 18. Bc2 $1 Bg4 19. Rxe7+ (19. Qxg4 $11 {was the only way to keep the balance.} Qb6+ {[%mdl 64] Double Attack} 20. Kh1 Qxa7 21. Bxe4 dxe4 22. Qxg7) 19... Qxe7 $17 20. Qxg4 Qc5+ 21. Kh1 {Hoping for Bxe4.} Nf2+ 22. Rxf2 Qxf2 {[%cal Rf2f1]} 23. Qd1 O-O $1 24. Bd2 d4 25. cxd4 Rfd8 26. Qc1 {Black must now prevent Be3.} b4 27. Be3 Qe2 28. Bg1 c3 29. bxc3 bxc3 30. Nxc3 Qc4 {...Rdc8 is the strong threat.} 31. Nd1 {aiming for Bxh7+!} Rbc8 (31... Rdc8 $5 32. Ne3 $8 Qxd4 $11) 32. Ne3 Qxd4 33. Qf1 Qd2 34. Qb1 $36 {[%mdl 2048] White is more active.} h6 35. h3 Rc3 36. Qb6 Qd4 37. Qa5 {Threatens to win with Nd1.} Rc5 (37... Qd2 $11 38. Qb6 Qd4) 38. Qa7 $14 Rxc2 39. Nxc2 Qxf4 40. Nd4 Qe4 41. Qb6 Rd5 42. Nf3 Rd3 43. Qb8+ (43. Qb2 {looks sharper.} Rd1 44. Qc3 Kh7 45. Qb3 Rd7 46. Bf2) 43... Kh7 44. Qb1 Re3 (44... Qf5 $16 {was called for.} 45. Qf1 Rc3) 45. Qf1 (45. Qa2 $18 Re2 46. Qxf7) 45... Rd3 46. Bf2 Rb3 47. Kh2 Rb1 48. Qa6 ({White should try} 48. Be1 $1 $14) 48... Rb2 $1 $11 {[%cal Rb2f2]} 49. Qa7 Qf4+ 50. Kh1 Qc1+ 51. Bg1 Qc2 {[%csl Gb2][%cal Rc2g2]} (51... Qf1 $5 52. Nh4 $8 g5 $11) 52. Nh4 Qe4 53. Qe7 Rb7 {The position is equal.} 54. Qd8 Rb3 {( -> ...Rxh3+)} 55. Nf3 Rxf3 56. gxf3 Qxf3+ {[%mdl 64] Double Attack} 57. Kh2 {Strongly threatening Qd4.} Qf4+ 58. Kg2 {And now Qd3+ would win.} Qe4+ 59. Kf1 Qf3+ 60. Bf2 Qxh3+ 61. Kg1 Qg4+ 62. Kf1 Qh3+ 63. Kg1 Qg4+ 64. Kf1 Qh3+ {Accuracy: White = 81%, Black = 86%.} 1/2-1/2

[Event "Magnus Carlsen Invitational 2020"]
[Site "magnuscarlsen.com"]
[Date "2020.04.23"]
[Round "3.3"]
[White "Giri, Anish"]
[Black "Nepomniachtchi, Ian"]
[Result "1/2-1/2"]
[WhiteElo "2731"]
[BlackElo "2778"]
[Annotator "TA"]
[PlyCount "93"]
[EventDate "2020.04.18"]
[EventType "tourn"]
[EventCountry "NOR"]
[SourceTitle "playchess.com"]
[Source "ChessBase"]
[SourceQuality "1"]

{[%evp 19,93,30,36,0,0,0,0,0,0,0,0,0,0,0,0,0,0,0,13,-6,25,14,13,5,17,0,0,-63,50,41,98,103,152,158,159,151,125,125,315,308,312,309,255,271,397,394,384,386,370,370,300,58,57,29,37,0,0,0,0,0,0,0,0,0,0,0,0,0,0,0,0,0,0,0,0,-8]} 1. d4 Nf6 2. c4 g6 3. Nc3 d5 4. cxd5 Nxd5 5. e4 Nxc3 6. bxc3 Bg7 7. Bc4 c5 8. Ne2 O-O 9. O-O Nc6 10. Be3 b6 {seems to push 10...Qc7 aside.} 11. Rc1 {D87: Exchange Grünfeld: Classical Line: Variations without ...cxd4.} Bb7 12. Bb5 Rc8 13. Qd2 e6 14. Rfd1 cxd4 15. cxd4 {[#]} Na5 $146 ({Predecessor:} 15... Qd6 16. Bf4 e5 17. d5 Na5 18. Be3 Rxc1 19. Rxc1 Rc8 20. h3 Bf8 21. Rxc8 Bxc8 {½-½ (41) Harikrishna,P (2731)-Ding,L (2801) Kolkata 2019}) 16. Rxc8 Qxc8 17. Bg5 a6 18. Bd3 $1 Qd7 19. Bh6 Rc8 20. Bxg7 Kxg7 21. h4 Nc4 22. Bxc4 Rxc4 23. h5 (23. f3 $11) 23... f6 (23... Bxe4 $15 24. Qf4 Qd5 25. h6+ Kf8) 24. Qe3 Qa4 (24... Qd6 $14) 25. Rb1 $16 Qc2 26. Rxb6 {[%mdl 64] Double Attack} Qxe4 {[%csl Gb7][%cal Re4g2]} 27. h6+ $1 Kf7 {[%csl Gb7][%cal Re4g2]} 28. Nf4 {Threatens to win with Rxb7+!} e5 $2 (28... Bc6 $16) 29. dxe5 $18 fxe5 {[#]} 30. Qxe4 $1 Bxe4 {[%mdl 4096] Endgame [#] KRB-KRN} 31. Nh3 $1 Bd5 (31... Ke7 {was worth a try.} 32. Ng5 Bd5 33. Nxh7 Rg4) 32. Ng5+ Ke7 33. Nxh7 Rg4 34. g3 {Nf6! is the strong threat.} Rc4 {( -> ...Rc1+)} 35. Rb1 $2 (35. f3 $18) 35... Rc8 $1 $14 36. Re1 Rh8 $1 {[%cal Rh8h7]} 37. Rxe5+ Kd6 {The position is equal.} 38. Rg5 Rxh7 39. Rxg6+ $11 {KRB-KR} Ke5 40. Rxa6 Bf3 41. Kh2 Kf5 42. a4 Kg5 43. Rb6 Ra7 44. Rb3 Bc6 45. Rc3 Bxa4 46. Ra3 Kxh6 47. f3 {Blacks defense is rewarded with a draw. Accuracy: White = 80%, Black = 73%.} 1/2-1/2

[Event "Magnus Carlsen Invitational 2020"]
[Site "magnuscarlsen.com"]
[Date "2020.04.22"]
[Round "3.3"]
[White "Firouzja, Alireza"]
[Black "Nakamura, Hikaru"]
[Result "0-1"]
[WhiteElo "2703"]
[BlackElo "2829"]
[Annotator "TA"]
[PlyCount "186"]
[EventDate "2020.04.18"]
[EventType "tourn"]
[EventCountry "NOR"]
[SourceTitle "playchess.com"]
[Source "ChessBase"]
[SourceQuality "1"]

{[%evp 14,186,15,7,7,12,18,6,20,22,13,12,15,14,8,9,15,9,19,22,29,11,9,5,10,0,33,37,26,25,32,35,32,41,36,0,0,0,0,0,27,23,52,52,52,52,52,52,52,52,52,52,60,58,133,88,133,115,133,122,110,118,118,100,100,100,101,33,29,40,68,31,178,222,205,63,294,267,249,240,712,688,728,728,702,680,637,161,612,579,592,532,655,647,543,504,453,313,281,0,0,0,0,0,0,0,0,0,0,0,0,0,0,0,0,0,0,0,0,0,0,0,0,0,11,11,11,11,11,-82,-82,-82,-82,-82,0,-12831,-12831,-12832,-12832,-12836,0,-12832,-12832,-12833,-12831,-12837,-12837,-12837,-12837,-12837,-12837,-12841,-12838,-12838,0,-12841,-12841,-12841,-12842,-12842,-12843,-12843,-12843,-12845,0,-12843,-12841,-12844,-12845,-12845,-12845,-12846,-12846,-12847,-12846]} 1. d4 Nf6 2. c4 e6 3. Nf3 d5 4. Nc3 Be7 5. Bf4 O-O 6. e3 Nbd7 7. c5 c6 8. h3 b6 {D37: Queen's Gambit Declined: 5 Bf4.} 9. b4 a5 10. a3 $1 h6 {The position is equal.} 11. Bd3 Ba6 12. O-O Qc8 13. Re1 Bxd3 14. Qxd3 Qb7 15. Reb1 axb4 16. axb4 {[#]} Rfc8 $146 ({Predecessor:} 16... Rxa1 17. Rxa1 Ra8 18. Qb1 Rxa1 19. Qxa1 bxc5 20. bxc5 g5 21. Bg3 Qb4 22. Kh1 Kg7 {½-½ (48) Pravec,L (2391)-Jasinski,M (2416) ICCF email 2017}) 17. Nd2 Rxa1 18. Rxa1 Ra8 19. Qb1 (19. Rb1 {looks sharper.} Nf8 20. Bg3 N6d7 21. Qc2 Ng6 22. Nb3) 19... Bd8 20. Rxa8 Qxa8 21. Qa2 Qb7 22. Qa4 b5 23. Qa3 Ne8 24. e4 dxe4 25. Ncxe4 Ndf6 26. Nd6 Nxd6 (26... Qd7 {with more complications.} 27. Be5 Nd5 28. Qa8 Nec7 29. Qb7 Nxb4 30. Nb3 Kh7) 27. cxd6 Nd5 28. Bg3 Bb6 29. Nb3 $1 f6 30. Nc5 $36 {[%mdl 2048] Black is under pressure.} Bxc5 $1 31. dxc5 e5 32. f3 Kf7 33. Be1 Nf4 ({Black should play} 33... h5 $14) 34. Qa2+ Ne6 35. Bd2 Qd7 36. h4 h5 37. Be3 Kg8 38. Qc2 Nf8 39. Qe4 Qc8 40. g4 (40. Kf2 $16) 40... hxg4 $14 41. fxg4 Qa6 42. g5 {Black must now prevent gxf6.} Kf7 (42... Qa1+ $1 $14 43. Kf2 Qa2+ 44. Ke1 Qa1+ 45. Ke2 Qa2+ 46. Bd2 Ne6) 43. gxf6 $18 gxf6 44. Bf2 (44. h5 $1 $18) 44... Qb7 $2 (44... Qa1+ $14 45. Kg2 Qa8) 45. h5 Qd7 46. Kh2 Kg7 $2 (46... Kg8 47. Kg1 Qg7+ 48. Kf1 Qh7 49. Qg2+ (49. Qxc6 Qd3+ 50. Kg1 e4 $16) 49... Kf7) 47. Be3 Qc8 48. h6+ Kh8 49. Kg3 Qd7 50. Kg2 $2 (50. Bd2 Kg8 51. Kf2) 50... Qc8 $2 (50... Qe6 51. Kf2 (51. Qxc6 e4 $11) 51... f5 52. Qxc6 Qa2+ 53. Ke1 Qb3) 51. Kh2 Qd7 52. Kg3 Qc8 53. Qg4 {[%csl Gh6][%cal Rg4g7]} Qb7 54. Qf5 Qf7 55. Bf2 Nd7 56. Qe4 $2 ({White should try} 56. Kf3 $18) 56... f5 $1 $11 {[%cal Rf5e4]} 57. Qh4 Nf6 58. Kh3 Kh7 59. Bg3 f4 60. Bf2 Qe6+ 61. Kg2 Qf5 62. Kh2 Kg6 (62... e4 $5 63. Bd4 $8 Ng4+ 64. Kg1 Nxh6 $11) 63. Qh3 Qxh3+ 64. Kxh3 {With the idea Bh4.} Kxh6 {[%mdl 4096] Endgame Hoping for ...Kh5. KB-KN} 65. Bh4 Nd7 66. Kg4 {White wants to play Kf5.} Kg6 67. Bg5 {[#]} f3 $1 {[%mdl 512] Threatens to win with ...f2.} 68. Bh4 (68. Kxf3 Kxg5) 68... Kf7 69. Kxf3 Ke6 70. Ke4 Nb8 71. Be7 (71. Bg5 $11) 71... Na6 $17 72. Bg5 Nxb4 73. Be3 Nd5 (73... Na6 $1 $17 {...Nb8 is the strong threat.} 74. d7 Kxd7 75. Kxe5 Kc7) 74. Bd2 $2 {[%mdl 8192]} (74. Bg5 $11) 74... Nf6+ $1 $19 75. Kd3 Kd5 76. Be3 Ke6 77. Bd2 $1 Nd7 78. Be3 Kd5 79. Bf2 b4 80. Bg1 e4+ 81. Kc2 Kc4 82. Kb2 Ne5 83. Bf2 Nd7 84. Bg1 $1 b3 85. Bf2 {[#]} Kd3 $1 86. Kxb3 e3 87. Be1 Nxc5+ 88. Kb4 {[#]} Nd7 $2 (88... Nb7 $1 $19 {Strongly threatening ...c5+.} 89. d7 e2) 89. Ka5 $2 {[%mdl 8192]} (89. Bc3 $11) 89... Kc4 {Black is clearly winning.} 90. Bg3 Kb3 91. Ka6 c5 92. Kb5 c4 93. Kc6 Nf8 {What a bad dream for White. Accuracy: White = 78%, Black = 76%.} 0-1

[Event "Magnus Carlsen Invitational 2020"]
[Site "magnuscarlsen.com"]
[Date "2020.04.22"]
[Round "3.4"]
[White "Carlsen, Magnus"]
[Black "Caruana, Fabiano"]
[Result "1/2-1/2"]
[WhiteElo "2881"]
[BlackElo "2773"]
[Annotator "TA"]
[PlyCount "72"]
[EventDate "2020.04.18"]
[EventType "tourn"]
[EventCountry "NOR"]
[SourceTitle "playchess.com"]
[Source "ChessBase"]
[SourceQuality "1"]

{[%evp 9,72,-2,-6,-11,3,1,0,7,11,-10,27,-3,9,0,7,-25,-8,-10,0,0,0,0,0,0,0,0,0,0,0,0,0,0,0,0,0,0,0,0,17,37,27,-6,0,0,0,0,0,0,0,0,0,0,0,0,0,0,0,0,0,0,0,0,0,0,0]} 1. e4 e5 2. Nf3 Nc6 3. Nc3 Nf6 4. h3 Bb4 5. Nd5 Bc5 6. Nxf6+ {[#] C47: Scotch Four Knights and Four Knights with 4 g3.} gxf6 $146 ({Predecessor:} 6... Qxf6 7. c3 O-O 8. b4 Bb6 9. Ba3 d6 10. b5 Ne7 11. Bb2 Ng6 12. Qe2 Nf4 {0-1 (21) Md Mahmudur Rahman,C-Sayed Shafaat,M (1396) Dhaka 2018}) 7. Bc4 d6 8. d3 Be6 9. Be3 Qd7 10. Qe2 O-O-O 11. Bxc5 dxc5 12. c3 Bxc4 13. dxc4 f5 14. Rd1 Qxd1+ 15. Qxd1 Rxd1+ 16. Kxd1 fxe4 $11 {[%mdl 4096] Endgame KRN-KRN} 17. Nd2 f5 18. g4 Rf8 19. Ke2 Ne7 20. gxf5 Rxf5 21. Nxe4 b6 22. Rg1 Ng6 23. Ke3 Kd7 24. Ng5 h6 25. Nf3 (25. Nf7 $5) 25... Nf4 {The position is equal.} 26. Rg7+ Ke6 27. h4 Kf6 28. Ke4 Nd3 29. Rf7+ $1 Ke6 30. Re7+ Kf6 31. Rf7+ $1 Ke6 32. Rxf5 Nxf2+ 33. Ke3 Ng4+ 34. Ke4 Nf2+ 35. Ke3 Ng4+ 36. Ke4 Nf2+ {An uneventful encounter. Accuracy: White = 87%, Black = 95%.} 1/2-1/2

[Event "Magnus Carlsen Invitational 2020"]
[Site "magnuscarlsen.com"]
[Date "2020.04.23"]
[Round "3.4"]
[White "Ding, Liren"]
[Black "Vachier-Lagrave, Maxime"]
[Result "1/2-1/2"]
[WhiteElo "2836"]
[BlackElo "2860"]
[Annotator "TA"]
[PlyCount "88"]
[EventDate "2020.04.18"]
[EventType "tourn"]
[EventCountry "NOR"]
[SourceTitle "playchess.com"]
[Source "ChessBase"]
[SourceQuality "1"]

{[%evp 15,88,11,13,19,24,20,18,20,18,27,40,45,41,46,41,38,46,35,64,77,81,83,83,63,102,93,102,92,94,88,115,70,73,75,97,65,96,49,52,43,40,16,46,0,0,0,0,0,0,0,0,0,0,0,0,0,0,0,0,0,0,0,0,0,0,0,0,0,0,0,0,0,0,0,0]} 1. d4 d5 2. c4 c6 3. Nf3 Nf6 4. cxd5 cxd5 5. Nc3 Nc6 6. Bf4 Bf5 7. e3 e6 8. Be2 Bd6 9. Ne5 {D14: Slav Defence: Exchange variation with ...Bf5.} O-O {[#]} 10. Nxc6 $146 ({Predecessor:} 10. O-O a6 11. Nxc6 bxc6 12. Bxd6 Qxd6 13. Na4 Nd7 14. Rc1 Rfb8 15. b3 a5 16. Qd2 Nb6 {1-0 (45) Torner Planell,J (1978)-Frisvold,O (1871) Copenhagen 2010}) 10... bxc6 11. Bxd6 Qxd6 12. O-O c5 13. Nb5 Qb6 {[#] Threatens to win with ...c4.} 14. dxc5 Qxc5 15. Rc1 $36 {[%mdl 2048] White is more active.} Qb6 16. Qd4 Qxd4 17. Nxd4 Rfb8 18. b3 Bg6 19. Rc7 Ne8 20. Rc5 Kf8 21. Rfc1 Nd6 22. f3 Rc8 23. Ba6 Rxc5 24. Rxc5 Ke8 25. Kf2 Kd7 26. Ke1 Rb8 27. Kd2 Rb6 28. Bf1 (28. Ra5 {is more complex.} Kc7 29. Be2 Kb8 30. Rc5 Nb7 31. Rc1) 28... e5 29. Nb5 (29. Bb5+ {is more complex.} Ke7 30. Nc6+ Ke6 31. Ba4 Nb7 32. Rc1) 29... Nxb5 $1 {The position is equal.} 30. Rxb5 Rxb5 31. Bxb5+ $11 {[%mdl 4096] Endgame KB-KB} Kd6 32. b4 f6 33. Kc3 Bf5 34. a4 h6 35. a5 Bc8 36. g3 g5 37. f4 Be6 38. fxe5+ fxe5 39. Be8 Bc8 40. Kb3 Bg4 41. Kc3 Bc8 42. Bb5 Be6 43. Ba4 Bc8 44. Bb5 Be6 {Accuracy: White = 86%, Black = 84%.} 1/2-1/2

[Event "Magnus Carlsen Invitational 2020"]
[Site "magnuscarlsen.com"]
[Date "2020.04.22"]
[Round "3.4"]
[White "Nakamura, Hikaru"]
[Black "Firouzja, Alireza"]
[Result "1-0"]
[WhiteElo "2829"]
[BlackElo "2703"]
[Annotator "TA"]
[PlyCount "27"]
[EventDate "2020.04.18"]
[EventType "tourn"]
[EventCountry "NOR"]
[SourceTitle "playchess.com"]
[Source "ChessBase"]
[SourceQuality "1"]

{[%evp 9,27,-10,-17,-25,0,0,0,0,0,0,0,-18,-19,-42,93,83,135,133,654,647]} 1. e4 d5 2. exd5 Qxd5 3. Nc3 Qa5 4. b4 Qxb4 5. Rb1 Qd6 6. d4 {B01: Scandinavian Defence.} Qd8 7. Bc4 Nf6 {[#]} 8. Nf3 $146 {The position is equal.} ({Predecessor:} 8. Nge2 e6 9. Bf4 Be7 10. O-O O-O 11. Bb3 Nbd7 12. Na4 b5 13. Nac3 a6 14. a4 {½-½ (27) Lorenz,J (1035)-Ernst,L (1149) Greifswald 2001}) 8... e6 9. O-O Be7 10. Ne5 O-O 11. Re1 c5 (11... Nbd7 $15) 12. d5 $16 exd5 (12... Bd6 $142) 13. Nxd5 Be6 $2 {[%mdl 8192] [#]} (13... Nxd5 $16 14. Qxd5 Nc6) 14. Nxf7 $1 {[%mdl 576] Pin, Remove Defender. White took control after the opening. Accuracy: White = 100%, Black = 39%.} 1-0

[Event "Magnus Carlsen Invitational 2020"]
[Site "magnuscarlsen.com"]
[Date "2020.04.23"]
[Round "3.4"]
[White "Nepomniachtchi, Ian"]
[Black "Giri, Anish"]
[Result "1/2-1/2"]
[WhiteElo "2778"]
[BlackElo "2731"]
[Annotator "TA"]
[PlyCount "145"]
[EventDate "2020.04.18"]
[EventType "tourn"]
[EventCountry "NOR"]
[SourceTitle "playchess.com"]
[Source "ChessBase"]
[SourceQuality "1"]

{[%evp 13,145,5,2,0,0,0,0,0,0,0,12,12,12,13,14,8,22,0,0,0,0,0,0,-14,0,0,0,0,0,0,0,-56,-51,-56,-64,-67,-67,-67,-41,-67,-33,-33,-33,-67,-25,-67,-67,-67,-67,-67,-67,-67,-67,-67,-67,-67,-67,-70,-70,-70,-70,-70,-70,-70,-70,-70,-70,-70,-47,-48,-47,-47,-47,-47,-47,-47,-47,-47,-47,-47,-47,-47,-33,-33,-33,-33,-33,-33,-33,-33,-33,-33,-33,-33,-33,-33,-33,-33,-33,-33,-33,-33,0,-33,-33,-33,-33,-33,-33,-33,-33,-33,-33,-33,-33,-33,-33,-33,-33,-33,0,-33,-33,-33,-33,-33,-33,-33,-33,-33,-33,-33,0,-33]} 1. e4 c5 2. Nf3 d6 3. Bb5+ Nd7 4. d4 cxd4 5. Qxd4 a6 6. Bxd7+ Bxd7 7. O-O Nf6 8. c4 {B51: Sicilian: Moscow Variation (3 Bb5+) without 3...Bd7.} g6 9. Nc3 Bg7 10. Bg5 O-O {[#]} 11. Rad1 $146 ({Predecessor:} 11. Qd3 Rc8 12. Rac1 Be6 13. b3 Qa5 14. Qd2 Kh8 15. Rfe1 b5 16. Nd5 Qxd2 17. Nxd2 {½-½ (49) Lugovskoy,M (2502)-Alekseenko,K (2561) Loo 2016}) 11... h6 12. Bxf6 Bxf6 13. e5 Bg7 14. Qe3 Bc6 15. exd6 exd6 16. Nd4 Re8 $36 {[%mdl 2048] White is under pressure.} 17. Nxc6 bxc6 18. Qd3 Qa5 19. Qxd6 Bxc3 20. bxc3 Qxa2 21. Qxc6 Rac8 22. Ra1 ({White should try} 22. Qb6 $11) 22... Qxf2+ $1 $15 23. Rxf2 {[#] Threatening mate with Qd7.} Rxc6 {[%mdl 4096] Endgame KRR-KRR} 24. Rfa2 Ree6 25. Ra4 h5 26. c5 Kf8 27. Rc4 Ke7 28. Rb1 Rc7 29. Rb8 Rec6 30. Ra8 Rxc5 31. Re4+ Kf6 32. Rxa6+ Kg7 33. Re3 Rxc3 34. Rxc3 Rxc3 {KR-KR} 35. h4 Rc4 36. g3 Rc2 37. Rb6 Kf8 38. Ra6 Ke7 39. Rb6 Rd2 40. Ra6 f6 41. Rb6 Rd6 42. Rb5 Ke6 43. Kf2 Rd5 44. Rb4 Kf5 45. Rf4+ Ke5 46. Ra4 Rb5 47. Rc4 g5 48. hxg5 fxg5 49. Ra4 Rd5 50. Rb4 g4 51. Rb2 Ke4 52. Re2+ Kd3 53. Re8 Rf5+ 54. Kg2 Rc5 55. Rd8+ Ke4 56. Re8+ Re5 (56... Kd5 {seems wilder.} 57. Rd8+ Kc6 58. Rh8 Rd5 59. Rc8+ Kd6) 57. Ra8 Rc5 58. Re8+ Kf5 59. Rf8+ Kg6 60. Rg8+ Kf7 61. Ra8 Rc2+ 62. Kg1 Re2 63. Ra5 Kg6 64. Rb5 Re6 65. Kg2 Rf6 66. Rb8 Re6 67. Rb5 Rd6 68. Ra5 Rf6 69. Ra8 Kg5 70. Rg8+ Rg6 71. Ra8 Re6 72. Ra5+ Kg6 73. Rb5 {Accuracy: White = 94%, Black = 95%.} 1/2-1/2

[Event "Magnus Carlsen Invitational 2020"]
[Site "magnuscarlsen.com"]
[Date "2020.04.23"]
[Round "3.5"]
[White "Ding, Liren"]
[Black "Vachier-Lagrave, Maxime"]
[Result "1-0"]
[WhiteElo "2836"]
[BlackElo "2860"]
[Annotator "TA"]
[PlyCount "31"]
[EventDate "2020.04.18"]
[EventType "tourn"]
[EventCountry "NOR"]
[SourceTitle "playchess.com"]
[Source "ChessBase"]
[SourceQuality "1"]

{[%evp 16,31,54,56,70,70,91,77,120,124,294,299,1001,1002,29974,29976,6626,7523]} 1. d4 d5 2. c4 c6 3. Nf3 Nf6 4. Nc3 Bf5 5. cxd5 Nxd5 6. Qb3 Qb6 7. Nxd5 cxd5 8. Qxd5 e6 9. Qb3 Nc6 {And now ...Nb4 would win. D13: Slav Defence: Exchange variation without ...Bf5.} 10. e3 Nb4 11. Qa4+ Kd8 {[#] aiming for ...Nc2+.White is better.} 12. Bd2 $1 {[#]} Nc2+ $146 (12... Rc8 $16) ({Predecessor:} 12... f6 13. Rc1 a5 14. Rc3 Nd5 15. Rb3 Qc7 16. Bd3 Bxd3 17. Rxd3 Bb4 18. Bxb4 Nxb4 {0-1 (25) Philips,J (1480)-King,J (1215) IECC email 2011}) 13. Ke2 $18 {Black must now prevent Ba5.} Qxb2 $2 {[#]} (13... Qa6+ 14. Qxa6 bxa6) 14. Ne5 $3 {[%csl Ge5][%cal Ra4d7][%mdl 512]} b5 15. Qa5+ Ke8 {[#]} 16. Qc7 $1 {[%mdl 512] Black did not feel at home in the position after the opening. Accuracy: White = 100%, Black = 21%.} 1-0

[Event "Magnus Carlsen Invitational 2020"]
[Site "magnuscarlsen.com"]
[Date "2020.04.24"]
[Round "4.1"]
[White "Carlsen, Magnus"]
[Black "Vachier-Lagrave, Maxime"]
[Result "1/2-1/2"]
[WhiteElo "2881"]
[BlackElo "2860"]
[Annotator "TA"]
[PlyCount "102"]
[EventDate "2020.04.18"]
[EventType "tourn"]
[EventCountry "NOR"]
[SourceTitle "playchess.com"]
[Source "ChessBase"]
[SourceQuality "1"]

{[%evp 19,102,5,22,23,31,30,16,13,53,22,25,16,13,8,8,14,28,4,20,20,79,87,64,70,119,122,120,126,98,124,139,136,139,140,155,148,147,139,330,0,0,0,0,0,0,0,12,0,0,0,4,0,0,0,4,4,4,4,5,5,12,12,12,12,12,12,12,0,0,0,0,0,0,0,0,0,0,0,0,0,0,0,0,0,0]} 1. e4 c5 2. Nf3 d6 3. d4 cxd4 4. Nxd4 Nf6 5. Bc4 e6 6. O-O Be7 7. Bd3 Nc6 8. Nxc6 bxc6 {[#]} 9. c4 $146 ({Predecessor:} 9. b3 O-O 10. Bb2 e5 11. Nd2 Qc7 12. h3 Re8 13. Kh1 d5 14. exd5 cxd5 15. c4 {1-0 (64) Fagotto,R (1921)-Campailla,M (1658) Siracusa 2006}) 9... O-O 10. Nc3 e5 11. Be3 {B55: Sicilian: 2...d6 3 d4 cxd4 4 Nxd4 Nf6 5 f3.} Be6 12. Qe2 Nd7 13. Rfd1 Qc7 14. b4 (14. Nd5 $5 Bxd5 15. cxd5 $14 (15. exd5 c5 $14)) 14... a5 15. a3 axb4 16. axb4 Rxa1 17. Rxa1 Rb8 18. Rb1 Nf6 19. h3 d5 (19... g6 $11) 20. cxd5 $16 cxd5 21. exd5 Nxd5 22. Nxd5 Bxd5 23. b5 $1 {[%cal Bb4b5,Bb5b6][%mdl 32]} e4 24. Qh5 exd3 25. Qxd5 Rd8 {[#]} 26. Qe4 $1 Bf8 27. b6 Qc2 28. Rc1 Qb3 $2 {[#]} (28... Qb2 $16) 29. Qf3 $2 (29. b7 $1 $18 {Rc8 is the strong threat.} Rb8 30. Rc8 Qxb7 31. Qxb7 Rxb7 32. Bc5) 29... d2 $36 {[%mdl 2048] Black is pushing.The position is equal.} 30. Rd1 $1 h6 31. b7 {Threatens to win with Bf4.} Rb8 32. Rxd2 {aiming for Rd7.} Rxb7 33. g4 Rb8 34. Kg2 Re8 35. Rd7 Qe6 36. Qd5 (36. Rb7 {feels hotter.} g5 37. Rb6 Qe4 38. Qxe4 Rxe4 39. Kg3) 36... Qxd5+ 37. Rxd5 {[%mdl 4096] Endgame KRB-KRB} g6 38. h4 Bg7 39. h5 g5 40. Kf3 Bf6 41. Ke2 Kg7 42. Kd3 Ra8 43. f4 gxf4 44. Bxf4 Ra3+ 45. Ke4 Ra6 46. Kf5 Bb2 47. Rb5 Rf6+ 48. Ke4 Re6+ 49. Kf5 Rf6+ 50. Ke4 Re6+ 51. Kf5 Rf6+ {Accuracy: White = 94%, Black = 86%.} 1/2-1/2

[Event "Magnus Carlsen Invitational 2020"]
[Site "magnuscarlsen.com"]
[Date "2020.04.25"]
[Round "4.1"]
[White "Ding, Liren"]
[Black "Giri, Anish"]
[Result "1/2-1/2"]
[WhiteElo "2836"]
[BlackElo "2731"]
[Annotator "TA"]
[PlyCount "79"]
[EventDate "2020.04.18"]
[EventType "tourn"]
[EventCountry "NOR"]
[SourceTitle "playchess.com"]
[Source "ChessBase"]
[SourceQuality "1"]

{[%evp 16,79,17,17,19,25,0,4,14,0,22,20,11,26,29,21,26,25,25,16,25,28,23,22,22,0,3,3,2,0,0,0,0,0,0,0,0,0,0,0,0,0,0,0,0,0,0,0,0,0,0,0,0,0,0,0,0,0,0,0,0,0,0,0,0,0]} 1. Nf3 c5 2. c4 Nf6 3. Nc3 Nc6 4. e3 e6 5. d4 d5 6. cxd5 exd5 7. Bb5 cxd4 8. Nxd4 Bd7 9. O-O Bd6 {D32: Tarrasch Defence: Sidelines and lines without g3.} 10. b3 O-O 11. Bb2 Re8 12. Nce2 Be5 {[#] ...Nxd4 is the strong threat.} (12... a6 {with more complications.} 13. Bd3 Nxd4 14. Nxd4 Ne4 15. Nf3 Qe7) 13. Nxc6 bxc6 14. Bxe5 Rxe5 {[#]} 15. Bd3 $146 ({Predecessor:} 15. Ba4 c5 16. Bxd7 Qxd7 17. Rc1 Rc8 18. Qd2 Ree8 19. Rfd1 Qb7 20. Nc3 c4 21. bxc4 dxc4 {½-½ (48) Aronian,L (2797)-Gelfand,B (2759) Moscow 2014}) 15... c5 16. Rc1 Qb6 17. Qd2 Rc8 18. Rfd1 a5 19. Nf4 a4 {The position is equal.} 20. Rc3 axb3 21. axb3 Rce8 22. h3 d4 23. exd4 cxd4 24. Rc4 Qxb3 25. Rxd4 Qxd1+ {[%mdl 64] [#] Remove Defender} 26. Qxd1 Re1+ 27. Qxe1 Rxe1+ 28. Kh2 Re7 29. Nd5 Nxd5 30. Rxd5 $11 {[%mdl 4096] Endgame KRB-KRB} g6 31. Rd4 Be6 32. Bc4 Bxc4 33. Rxc4 {KR-KR} Kg7 34. g3 h5 35. Kg2 Re6 36. h4 Re7 37. Rc3 Re6 38. Rc4 Re7 39. Rc3 Re6 40. Rc4 {Not much happened in this game. Accuracy: White = 100%, Black = 100%.} 1/2-1/2